000 00261nam a2200109Ia 4500
008 190216s9999||||xx |||||||||||||| ||und||
100 _aTranslately G Leile
245 0 _aPhysical Chemistry(Vol 1)
260 _bMir Pubs Moscow
650 _aChemistry
942 _cBK
999 _c2112
_d2112